|
|
|
|
| LEADER |
00635nam a2200157Ia 4500 |
| 001 |
CTU_14759 |
| 008 |
210402s9999 xx 000 0 und d |
| 082 |
|
|
|a 519.2
|
| 082 |
|
|
|b P897/T1
|
| 245 |
|
0 |
|a Information theory statistical decision functions random processes: Transactions of the eleventh prague conference held from August 27-31,1990: Vol.A
|
| 260 |
|
|
|a Dordrecht
|
| 260 |
|
|
|b Kluwer Academic
|
| 260 |
|
|
|c 1990
|
| 650 |
|
|
|a information theory - congresses,probabilities - congresses,statistical decision - congresses
|
| 904 |
|
|
|i Nguyễn Quang Điền, 970107
|
| 980 |
|
|
|a Trung tâm Học liệu Trường Đại học Cần Thơ
|